000 00655nam a2200181 4500
001 127214
003 ES-MaACL
005 20230906192950.0
007 t|
008 070214s1908 sp r ||||1| spa d
100 1 _aReymóndez del Campo, Jesús.
_996606
245 1 0 _aCorrespondencia epistolar del P. Andrés Marcos Burriel, existente en la Biblioteca Real de Bruselas /
_cJesús Reymóndez del Campo.
260 _aMadrid :
_bFortanet,
_c1908.
300 _a105 p. ;
_c23 cm.
500 _aEs tirada aparte del Boletín de la Real Academia de la Historia, Marzo 1908.
600 0 4 _aBurriel, Andrés Marcos.
_932769
852 _aES-MaACL
_jT-1396-F-1
999 _c127214
_d127214